000 00573nam a22001937a 4500
003 dpl
005 20180707175038.0
008 180707b xxu||||| |||| 00| 0 eng d
020 _a9780340525180
_c0.00
035 _aB-079305
040 _aDPL
_bEN
_c0
082 _a647.94
_bBRA
100 _aBranson, J. C.
245 _aHotel, Hostel and Hospital Housekeeping
_c/by Joan C. Branson and Margaret Lennox
250 _a5th ed.
260 _aLondon
_bHodder & Stoughton Educational
_c1989
300 _ax,307p.
_c22cm.
942 _2ddc
_cEN
_h647.94
_mBRA
999 _c153603
_d153603